Quick Pick: Time of Day in Movies Quiz Stats

 Plays Quiz Updated May 19, 2019

Score 0/14 Timer 01:30
7 Plays Today
% Correct
Night
97.7%
Twilight
96.9%
Breakfast
96.4%
Morning
96.2%
Dusk
96.2%
Bedtime
96.2%
Dawn
95.8%
% Correct
Noon
95.5%
Sunset
94.4%
Sunrise
94.1%
Midnight
93.8%
Dinner
88.8%
Afternoon
88.8%
Lunch
82.7%

Today's Daily Dose

Word Ladder
Lean on Me

Get the Picture
Superhero by Villain

You're not logged in!

Compare scores with friends on all Sporcle quizzes.
OR
Log In

Sporcle TV

Today on Sporcle TV


Watch our educational content, quiz creation guides, and fun videos on Sporcle TV.

Show Comments

Extras

Top Quizzes Today


Score Distribution

Your Account Isn't Verified!

In order to create a playlist on Sporcle, you need to verify the email address you used during registration. Go to your Sporcle Settings to finish the process.

Report this User

Report this user for behavior that violates our Community Guidelines.

Details: